000 00364nam a2200145Ia 4500
008 230917s9999||||xx |||||||||||||| ||und||
020 _cPOU11.5
040 _e15491
_aMAIN
041 _aEnglish
082 _a301.4315 K658D
100 _aKitwood, Torn
245 0 _aDisclosures to stranger: Adolescent values in an advance ind
260 _c1980
942 _cBK
999 _c224341
_d224341